Statistics for Texting Slang (100+ answers)

Click here to take the quiz!

General Stats

  • This quiz has been taken 299 times
    (253 since last reset)
  • The average score is 65 of 149

Answer Stats

HintAnswer% Correct
bbe
97%
brbbe right back
96%
btwby the way
96%
ooh
93%
2to
91%
uyou
91%
k | okokay
89%
iki know
88%
omgoh my god
88%
wthwhat the hell
88%
4for
87%
dunno | idki dont know
87%
wdymwhat do you mean
87%
rare
86%
gtggot to go
86%
nvmnever mind
86%
bc | cosbecause
85%
bfboyfriend
85%
gfgirlfriend
85%
ikri know right
85%
ywhy
85%
ilyi love you
84%
tythank you
84%
ofcof course
83%
idci dont care
82%
ilysmi love you so much
82%
pls | plzplease
82%
asapas soon as possible
81%
thxthanks
81%
ye | yea | yhyeah
81%
8ate
80%
irlin real life
80%
tysmthank you so much
80%
ththe
79%
ideki dont even know
78%
& | nand
77%
brobrother
77%
idrki dont really know
77%
lollaugh out loud
77%
sissister
77%
ezeasy
74%
akaalso known as
70%
xmaschristmas
69%
gonnagoing to
69%
yoloyou only live once
69%
bdaybirthday
68%
cmoncome on
68%
wthwhat the heck
66%
dope | gucci | sickcool
64%
roflrolling on the floor laughing
64%
smso much
64%
nglnot going to lie
62%
cyasee you
62%
smhshaking my head
62%
kyskill yourself
60%
l8erlater
59%
acdntaccident
58%
caplie
58%
topgreat
57%
lmklet me know
57%
afkaway from keyboard
56%
craycrazy
52%
2eztoo easy
52%
goatgreatest of all time
50%
2bto be
50%
ufounidentified flying object
49%
nanah
47%
cyl8ersee you later
47%
1won
44%
bffbest friends forever
38%
camcamera
35%
shldshould
34%
litgood
33%
blokeman
33%
wldwould
33%
cldcould
30%
actactually
28%
bfflbest friends for life
28%
flexshow off
28%
?4uquestion for you
26%
omloh my life
24%
bailleave
23%
saltyangry
21%
ididentification
21%
shookshocked
21%
geezwow
21%
donnyguy
20%
tmrtommorow
18%
gthgo to hell
16%
mcminecraft
16%
pephysical education
15%
fnfortnite
14%
discdiscord
8%
smpsurvival multiplayer
8%
rlrocket league
7%
bblbe back later
6%
extradramatic
6%
gthgo to heaven
5%
yosad
5%
amlall my love
4%
bbsbe back soon
4%
fncsfortnite championships
4%
yooooohappy
4%
rlcsrocket league championships
4%
tmltext me later
4%
tnttrinitrotoluene
4%
whoworld health organisation
4%
alolactually laughing out loud
3%
bwbedwars
3%
dtdesign technology
3%
sheeshshocking
3%
vfvery funny
3%
bifbefore i forget
2%
nasaNational Aeronautics Space Administration
2%
nhsnational health support
2%
omdoh my daze
2%
swskywars
2%
sfso funny
2%
wajwhat a joke
2%
alabbreviation language
1%
ahauction house
1%
bbtbe back tommorow
1%
bthbe totally honest
1%
bhbrawlhalla
1%
efextremely funny
1%
gbgrotbag
1%
jinjump into nettles
1%
mlmy lungs
1%
obone block
1%
code9parents are here
1%
sbscumbag
1%
sbsebee
1%
sbskyblock
1%
sbspellbreak
1%
tsteamspeak
1%
tftoo funny
1%
code2urgent
1%
waswhat a save
1%

Score Distribution

Percentile by Number Answered

Percent of People with Each Score

Your Score History

You have not taken this quiz since the last reset